LIBRARY & INFORMATION CENTRE, KCAET, TAVANUR

ONLINE PUBLIC ACCESS CATALOGUE (OPAC)

Soordas / (Record no. 6420)

MARC details
000 -LEADER
fixed length control field 00445cam a2200181ua 4500
041 ## - LANGUAGE CODE
Language code of text/sound track or separate title hin
082 ## - DEWEY DECIMAL CLASSIFICATION NUMBER
Classification number 891.54
Item number ACH/SO
100 ## - MAIN ENTRY--AUTHOR NAME
Personal name Acharya Ramachandra , Shukla .
245 ## - TITLE STATEMENT
Title Soordas /
250 ## - EDITION STATEMENT
Edition statement 5 /
260 ## - PUBLICATION, DISTRIBUTION, ETC. (IMPRINT)
Place of publication Varanasi :
Name of publisher Saraswati Mandir ,
Year of publication 1961.
300 ## - PHYSICAL DESCRIPTION
Number of Pages 227 ; .
942 ## - ADDED ENTRY ELEMENTS (KOHA)
Koha item type Books
Holdings
Withdrawn status Lost status Damaged status Home library Current library Date acquired Cost, normal purchase price Full call number Accession Number Koha item type
Withdrawn     KAUAET KAUAET 07/04/2012 3.75 891.54 2792 Books
free website counter